000 00645nam a2200241 i 4500
001 C2-0115523
003 PPAK
005 20180727105240.0
008 970716s1984 nyu |||| ||||| | eng d
020 _a0689114435
040 _aPPAK
_beng
_cPPAK
_erda
082 0 4 _a081
_223
090 0 0 _a081
_bCAR
_dG
100 1 _aCardosa, Bill,
_eauthor
245 1 4 _aThe maltese sangweech and other heroes
264 1 _aNew York :
_bAtheneum ,
_c1984
300 _a311 pages ;
_c22 cm
336 _2rdacontent
_atext
337 _2rdamedia
_aunmediated
338 _2rdacarrier
_avolume
650 1 0 _aAmerican (Artificial language)
942 _ddc
_cB
999 _c29928
_d29928